Statistiken für Gemeinden am Vierwaldstättersee mit Karte

Klicken Sie hier um das Quiz zu spielen!

Allgemein

  • Dieses Quiz wurde 35 mal gespielt
  • Das Durchschnittsergebnis liegt bei 10 aus 23

Antworten auf der Karte

Die Antworten werden auf der Karte rot bzw. grün angezeigt, abhängig davon wie oft sie richtig erraten wurden.
 

Antwortstatistiken

KantonEinwohnerGemeinde% Korrekt
Luzern82'257 Luzern
100%
Schwyz13'300Küssnacht
61%
Nidwalden5'776Hergiswil
52%
Luzern4'317Weggis
52%
Nidwalden4'624Stansstad
48%
Luzern1'402Vitznau
48%
Obwalden6'053Alpnach
43%
Nidwalden3'697Beckenried
43%
Nidwalden5'285Buochs
43%
Nidwalden4'779Ennetbürgen
43%
Uri1'961Flüelen
43%
Luzern14'243Horw
43%
Luzern7'436Meggen
43%
Uri678Seelisberg
43%
Uri383Sisikon
43%
Nidwalden1'440Emmetten
35%
Schwyz2'326Gersau
35%
Schwyz1'148Morschach
35%
Schwyz8'952Ingenbohl
30%
Uri2'051Seedorf
26%
Nidwalden2'199Ennetmoos
22%
Luzern1'165Greppen
22%
Uri474Isenthal
22%

Verteilung der Resultate

Perzentil nach korrekt beantworteten Fragen

Anzahl Personen mit jedem Resultat

Ihre Resultats-Entwicklung

Sie haben dieses Quiz noch nicht gespielt